| 000 | 01199nam a2200361 i 4500 | ||
|---|---|---|---|
| 003 | EG-GICUC | ||
| 005 | 20260418130844.0 | ||
| 008 | 260417s1959 fr |||fr|||| 00| 0 fre d | ||
| 040 |
_aEG-GiCUC _bfre _cEG-GiCUC _dEG-GiCUC _eRda |
||
| 082 | 0 | 4 |
_221 _a343.2 _bGO . D |
| 092 | 0 | 4 | _221 |
| 099 | _aLaw1 10 343.2 GO . D 5 1959 | ||
| 100 | 1 |
_aGoyet, F. _eAuteur |
|
| 245 | 1 | 0 |
_aPrécis de Droit Pénal Spécial / _b _cF.rancisque Goyet, Marcel Rousselet, Maurice Patin |
| 250 |
_a7 Édition _bEntièrement Refondue |
||
| 264 | 1 |
_aParis : _bSirey, _c1959. |
|
| 264 | 3 | _bImp. Jouve | |
| 300 |
_a87 pages ; _c24 cm. |
||
| 336 |
_2rda contenu _a texte |
||
| 337 |
_2rda medias _aOrdinateur |
||
| 338 |
_2 transporteur rda _a Ressource en ligne |
||
| 500 | _aSupplément Mettant L'ouvrage À Jour AU 1ER Mai 1959 | ||
| 546 | _aTexte en français | ||
| 650 | 1 |
_aDroit Pénal Spécial _2qrmak |
|
| 650 | 1 |
_aDroit Do Pénal _2qrmak |
|
| 650 | 1 |
_aDroit pénal spécial _2qrmak |
|
| 651 | 1 | _2qrmak | |
| 700 | 1 |
_aRousselet, Marcel _eCo-Auteur |
|
| 700 | 1 |
_aPatin, Maurice _eCo-Auteur |
|
| 856 | 4 | 0 | _uhttps://fll.law.cu.edu.eg/fulltext/bks/B10-09552.pdf |
| 905 | _a54 | ||
| 942 |
_2ddc _n0 _cBK _e21 |
||
| 999 |
_c71544 _d71544 |
||